000 00313nam a22001337a 4500
008 181017b xxu||||| |||| 00| 0 eng d
020 _a9781451115949
041 _aeng
080 _26th
_a617
100 _a5
101 _aKIR
245 _aThe Washington Manual of Surgery
_cKlingensmith,M.E
942 _2udc
_cBK
999 _c49981
_d49981